Negotiate and win : (Record no. 125543)

MARC details
000 -LEADER
fixed length control field 00759nam a22002297a 4500
005 - DATE AND TIME OF LATEST TRANSACTION
control field 20181218161020.0
010 ## - LCCN (DPL NO)
LC control number B-189856
020 ## - INTERNATIONAL STANDARD BOOK NUMBER
Terms of availability 00.00
International Standard Book Number 0070606374
035 ## - SYSTEM CONTROL NUMBER
System control number B-189856
037 ## - SOURCE OF ACQUISITION
Source of stock number/acquisition Cen Lib/Ret
082 ## - DEWEY DECIMAL CLASSIFICATION NUMBER
Classification number 302.3
Item number MIS
100 ## - MAIN ENTRY--PERSONAL NAME
Personal name Misino, Dominick J.
245 ## - TITLE STATEMENT
Title Negotiate and win :
Statement of responsibility, etc by Misino Dominick J. Misino [and] Jim DeFelice
Remainder of title proven strategies frm the NYPD's top hostage negotiator /
260 ## - PUBLICATION, DISTRIBUTION, ETC. (IMPRINT)
Place of publication, distribution, etc New Delhi
Name of publisher, distributor, etc Tata McGraw-Hill Publishing Company
Date of publication, distribution, etc 2004
270 ## - ADDRESS
City New Delhi
Address 7 west patel nagar
Postal code 110008
300 ## - PHYSICAL DESCRIPTION
Extent vi, 185p.
Dimensions 21cm(pbk)
500 ## - GENERAL NOTE
General note Includes appendix and index
650 ## - SUBJECT ADDED ENTRY--TOPICAL TERM
Topical term or geographic name as entry element Social science
650 ## - SUBJECT ADDED ENTRY--TOPICAL TERM
Topical term or geographic name as entry element life of negotiation
942 ## - ADDED ENTRY ELEMENTS (KOHA)
Source of classification or shelving scheme Dewey Decimal Classification
Item type English Books
Classification part 302.3
Call number suffix MIS
Holdings
Withdrawn status Lost status Not for loan Home library Current library Date acquired Source of acquisition Cost, normal purchase price Full call number Barcode Copy number Cost, replacement price Koha item type
      Central Library Central Library 22/06/2015 Cen Lib/Ret 0.00 302.3 MIS B-189856 1 0.00 English Books

© Delhi Public Library
Hit Counter
free hit counter